000 01746nam0a2200349 4500
001 RU\NLR\bibl\1303923
005 20260405170926.0
010 _a978-5-9539-2683-6
_910000
021 _aRU
_b2008-80208
_94660
035 _a(NLR Aleph) 001289460
090 _a549898
_c549898
100 _a20081208d2008 |||y0rusy50 ca
101 1 _arus
_cund
102 _aRU
105 _aa |||||||||
200 1 _aКак стать путешественником
_eруководство для юного покорителя земель
_e[для чтения взрослыми детям]
_fсэр Генри Храбрингтон [псевд.
_gпер.: Е. Токарева
_gил.: Миливодж Серан и др.]
210 _aМосква
_cЭгмонт
_cЭгмонт Россия Лтд.
_dcop. 2008
215 _a[27] с. с объем. картинками, брошюрами, клапанами, письмами, настольной игрой
_cцв. ил.
_d26х26
225 1 _aОбщество отважных путешественников. Иди смело!
300 _aНазв. на яз. ориг.: How tobe an explorer. An adventurer's guide
300 _aВ вып. дан.: Дуглас Стир, авт.
300 _aНа обл. авт. не указан
454 0 _12001#$aHow tobe an explorer. An adventurer's guide
_tHow tobe an explorer. An adventurer's guide
700 1 _4070
_8rus
_7ca
_aСтир
_bД.
_f1965-
_gДугалд
_3RU\NLR\auth\7772642
_955570
702 1 _aСеран
_bМ.
_gМиливодж
_4440
801 0 _aRU
_bNLR
_c20081208
_gRCR
801 1 _aRU
_bNLR
_c20081208
852 _aNLR
_jИгр/1719
942 _cBOOK
980 _aNB